000 00587nam a2200217Ia 4500
003 OSt
005 20220928141438.0
006 a|||||r|||| 00| 0
007 ta
008 220927b |||||||| |||| 00| 0 eng d
024 _a15036
037 _cTextual
040 _aSDCL
_cSDCL
_beng
041 _2eng
_aeng
082 _aV1:19(zR)'N, M7
100 _aJacobsen Carl G Ed.
_9500177
245 0 _aUncertain course
_bNew weapons,strategies and mind-sets
260 _c1987
942 _hV1:19(zR)'N, M7
_cTEXL
_2CC
999 _c817445
_d817445